TOPLAR KİMİN İÇİN YUVARLANIYOR (Record no. 1228829)
[ view plain ]
| 000 -LEADER | |
|---|---|
| sabit uzunluktaki kontrol alanı | 00276nam a2200097Ia 4500 |
| 001 - KONTROL NUMARASI | |
| kontrol alanı | 1228829 |
| 005 - EN SON İŞLEMİN TARİH VE ZAMANI | |
| kontrol alanı | 20250827093049.0 |
| 008 - SABİT-UZUNLUKTA VERİ ÖĞELERİ--GENEL BİLGİ | |
| sabit uzunluktaki kontrol alanı | 250824s9999 xx 000 0 und d |
| 245 #0 - ESER / YAZAR | |
| ESER ADI | TOPLAR KİMİN İÇİN YUVARLANIYOR |
| Yazar Adı | DAV PILKEY |
| 260 ## - YAYIN, DAĞITIM, VB. | |
| YAYIN EVİ | ALTIN YAYINLARI |
| Düşüm durumu | Kayıp durumu | Hasar Durumu | Ödünç verilmez | Ana kütüphane | Geçerli Kütüphane | Edinilen tarih | Toplam ödünç verme sayısı | Barkod | İade tarihi | Son görüntüleme tarihi | Son ödünç verme tarihi | Fiyatın geçerli olmaya başladığı tarih | Koha materyal türü |
|---|---|---|---|---|---|---|---|---|---|---|---|---|---|
| ŞEHİT TEĞMEN BAYRAM OLGUN İMAM HATİP ORTAOKULU | ŞEHİT TEĞMEN BAYRAM OLGUN İMAM HATİP ORTAOKULU | 24.08.2025 | 16 | 11026043 | 17.04.2026 | 02.04.2026 | 02.04.2026 | 27.08.2025 | Books |